| 000 | 00626nam a22002177a 4500 | ||
|---|---|---|---|
| 003 | OSt | ||
| 005 | 20140310181807.0 | ||
| 008 | 130704t xxu||||| |||| 00| 0 eng d | ||
| 020 | _a0851120571 | ||
| 050 |
_aAG 243 _b.G964 1999 |
||
| 082 |
_aREF 909.82 _bG94 1999 |
||
| 245 | _aGuinness book of the 20th century | ||
| 260 |
_aGreat Britain : _bGuinness World Records Ltd, _cc1999. |
||
| 300 |
_a480 p. : _bill. col. ; _c31 cm. |
||
| 520 | _a1. History, Modern - - 20th century - - Chronology | ||
| 521 | _aBasic Ed. Students | ||
| 541 | _j1 | ||
| 541 | _j2 | ||
| 562 | _e2 | ||
| 942 |
_2lcc _cBK-GR _kREF |
||
| 999 |
_c3821 _d3821 |
||